Asia Pacific offices marketview (Record no. 84233)

MARC details
000 -LEADER
fixed length control field 01094cad a22002055a 4500
001 - CONTROL NUMBER
control field L157010
008 - FIXED-LENGTH DATA ELEMENTS--GENERAL INFORMATION
fixed length control field 120810s2012 xxk 000 0 eng d
035 ## - SYSTEM CONTROL NUMBER
System control number (Sirsi) u157010
041 0# - LANGUAGE CODE
Language code of text/sound track or separate title eng
110 2# - MAIN ENTRY--CORPORATE NAME
Corporate name or jurisdiction name as entry element CBRE
245 00 - TITLE STATEMENT
Title Asia Pacific offices marketview
Remainder of title Q2 2012
Medium [electronic resource]
260 ## - PUBLICATION, DISTRIBUTION, ETC.
Place of publication, distribution, etc. Hong Kong
Name of publisher, distributor, etc. CBRE
Date of publication, distribution, etc. 2012
490 ## - SERIES STATEMENT
Series statement CBRE Asia Pacific Offices Marketview
Volume/sequential designation Q2 2012
520 ## - SUMMARY, ETC.
Summary, etc. Office demand remains subdued as caution prevails. Rents are largely unchanged as office occupiers remain cost conscious. Weak demand and new supply see office vacancies rise for first time since Q4 2009. A large volume of new stock comes on stream but pipeline likely to slow. Provides quick stats; hot topics; an economic update; key indicators; insights into office rents, office demand, office vacancies; an office development pipeline; and market summaries.
590 ## - LOCAL NOTE (RLIN)
Local note KA NTK
651 #4 - SUBJECT ADDED ENTRY--GEOGRAPHIC NAME
Geographic name Asia Pacific
690 ## - LOCAL SUBJECT ADDED ENTRY--TOPICAL TERM (OCLC, RLIN)
Topical term or geographic name as entry element Commercial property
9 (RLIN) 6227
856 40 - ELECTRONIC LOCATION AND ACCESS
Uniform Resource Identifier <a href="https://www.cbre.eu/portal/pls/portal/res_rep.show_report?report_id=2023">https://www.cbre.eu/portal/pls/portal/res_rep.show_report?report_id=2023</a>
Public note View the report at www.cbre.eu
942 ## - ADDED ENTRY ELEMENTS (KOHA)
Suppress in OPAC 0
Holdings
Withdrawn status Lost status Source of classification or shelving scheme Damaged status Not for loan Home library Current library Shelving location Date acquired Total Checkouts Full call number Barcode Date last seen Copy number Price effective from Koha item type
    Dewey Decimal Classification     Virtual Virtual Online 10/08/2012   ONLINE PUBLICATION 157010-2001 06/08/2019 1 06/08/2019 Book